Kampfsportarten aufzählen - Statistiken

Allgemein
  • Dieses Quiz wurde 203 mal gespielt
  • Das Durchschnittsergebnis liegt bei 8 aus 15
Antwortstatistiken
Hint Antwort % Korrekt
2 Boxen
93%
7 Karate
93%
5 Judo
87%
8 Kickboxen
79%
13 Ringen
70%
11 MMA
58%
14 Taekwondo
52%
6 Ju jutsu/Jiu Jitsu
51%
10 Kung Fu
47%
15 Wrestling
46%
12 Muay Thai
33%
9 Krav Maga
28%
4 Fechten
26%
1 Aikido
22%
3 Capoeira
18%
Keine übereinstimmenden Quizze gefunden
Verteilung der Resultate
Anzahl Personen mit jedem Resultat
Perzentil nach korrekt beantworteten Fragen
Ihre Resultats-Entwicklung
Sie haben dieses Quiz noch nicht gespielt